000 00741nam a2200193 i 4500
001 17749
003 ES-MaACL
005 20240511063015.0
007 t|
008 010516s1904 sp ||||1| spa d
080 _a929 Ortí y Lara, Juan Manuel
100 1 _aIsern y Marco, Damián,
_d1852-1914
_965561
245 1 0 _aNecrología del Ilmo. señor Don Juan Manuel Orti y Lara individuo de número que fue de la Real Academia de Ciencias Morales y Políticas /
_cleída ... por D. Damián Isern.
260 _aMadrid :
_b[s.n.],
_c1904 (
_fImp. del Asilo de Huérfanos del S. C. de Jesús)
300 _a76 p. ;
_c27 cm.
600 1 4 _aOrtí y Lara, Juan Manuel.
_987534
852 _aES-MaACL
_j2165-F-6
999 _c17749
_d17749